| 000 | 01010cam a2200325 i 4500 | ||
|---|---|---|---|
| 001 | 200464518 | ||
| 003 | TR-AnTOB | ||
| 005 | 20250603090002.0 | ||
| 007 | ta | ||
| 008 | 170105m19961990tu a $r18501 $$ tu 85185tur u | ||
| 020 | _a9755531203 | ||
| 040 |
_aTR-AnTOB _beng _erda _cTR-AnTOB |
||
| 041 | 0 | _atur | |
| 044 | _ctu | ||
| 050 | 1 | 4 |
_aG151 _b.O97 1996 |
| 090 | 1 | 0 |
_aG151 _b.O97 1996 |
| 100 | 1 |
_aÖzsoy, Murat, _d1958- _eauthor _959412 |
|
| 245 | 1 | 0 |
_aHindistan’dan Pakistan’a... Çinden’den İran’a... bir belgesel film öyküsü...: _bTurkuaz günlüğü / _cMurat Özsoy. |
| 246 | 3 | 0 | _aTurkuaz günlüğü. |
| 246 | 3 | 0 | _aTurkuaz. |
| 250 | _a2. baskı Haziran 1996 | ||
| 264 | 1 |
_aAnkara : _bEkin Yayınları, _c1996. |
|
| 300 |
_a232 pages : _bphotographs ; _c20 cm |
||
| 336 |
_atext _btxt _2rdacontent |
||
| 337 |
_aunmediated _bn _2rdamedia |
||
| 338 |
_avolume _bnc _2rdacarrier |
||
| 650 | 0 |
_aGezi yazıları _9120086 |
|
| 942 |
_2lcc _cBK |
||
| 999 |
_c200464518 _d82730 |
||